书目信息 |
| 题名: |
陕西青木川国家级自然保护区的动物多样性与保护
|
|
| 作者: | 李春旺 , 缪涛 主编 | |
| 分册: | ||
| 出版信息: | 北京 中国林业出版社 2021.1 |
|
| 页数: | 111,16页 | |
| 开本: | 26cm | |
| 丛书名: | ||
| 单 册: | ||
| 中图分类: | Q958.527.14 | |
| 科图分类: | ||
| 主题词: | 自然保护区--动物--生物多样性--研究--宁强县 | |
| 电子资源: | ||
| ISBN: | 978-7-5219-0842-8 | |
| 000 | 01240nam0 2200241 45 | |
| 001 | 012001000116 | |
| 005 | 20140910151117.0 | |
| 010 | @a978-7-5219-0842-8@dCNY45.00 | |
| 100 | @a20210329d2021 em y0chiy50 ea | |
| 101 | 0 | @achi |
| 102 | @aCN@b110000 | |
| 105 | @aab z 000yy | |
| 106 | @ar | |
| 200 | 1 | @a陕西青木川国家级自然保护区的动物多样性与保护@Ashan xi qing mu chuan guo jia ji zi ran bao hu qu de dong wu duo yang xing yu bao hu@b专著@f李春旺,缪涛主编 |
| 210 | @a北京@c中国林业出版社@d2021.1 | |
| 215 | @a111,16页@c图,照片,地图@d26cm | |
| 330 | @a本书共分14章。第1章介绍了陕西青木川国家级自然保护区概况;第2章描述了陕西青木川国家级自然保护区自然环境;第3章描述了陕西青木川国家级自然保护区的社会经济状况;第4章阐述了调查研究的内容和方法;第5章介绍了昆虫的调查结果;第6章至第10章分别阐述了鱼类、两栖类、爬行类、鸟类、哺乳类等各个类群的调查结果。第11章介绍了川金丝猴等4个关键物种。第12章分析介绍了受威胁陆生野生脊椎动物在陕西青木川国家级自然保护区内的情况以及受威胁物种的保护重要性等。 | |
| 606 | 0 | @a自然保护区@x动物@x生物多样性@x研究@y宁强县 |
| 690 | @aQ958.527.14@v5 | |
| 701 | 0 | @a李春旺@Ali chun wang@4主编 |
| 701 | 0 | @a缪涛@Amiao tao@4主编 |
| 801 | 0 | @aCN@bBJSDL@c20211011 |
| 905 | @b1330436-9@dQ958.527.14@e323@f4 | |
| 陕西青木川国家级自然保护区的动物多样性与保护/李春旺,缪涛主编.-北京:中国林业出版社,2021.1 |
| 111,16页:图,照片,地图;26cm |
| ISBN 978-7-5219-0842-8:CNY45.00 |
| 本书共分14章。第1章介绍了陕西青木川国家级自然保护区概况;第2章描述了陕西青木川国家级自然保护区自然环境;第3章描述了陕西青木川国家级自然保护区的社会经济状况;第4章阐述了调查研究的内容和方法;第5章介绍了昆虫的调查结果;第6章至第10章分别阐述了鱼类、两栖类、爬行类、鸟类、哺乳类等各个类群的调查结果。第11章介绍了川金丝猴等4个关键物种。第12章分析介绍了受威胁陆生野生脊椎动物在陕西青木川国家级自然保护区内的情况以及受威胁物种的保护重要性等。 |
| ● |
| 相关链接 |
|
|
|
|
正题名:陕西青木川国家级自然保护区的动物多样性与保护
索取号:Q958.527.14/323
 
预约/预借
| 序号 | 登录号 | 条形码 | 馆藏地/架位号 | 状态 | 备注 |
| 1 | 1330436 | 213304360 | 第二样本阅览室/ [索取号:Q958.527.14/323] | 在馆 | |
| 2 | 1330437 | 213304379 | 第三借阅区/ [索取号:Q958.527.14/323] | 在馆 | |
| 3 | 1330438 | 213304388 | 第三借阅区/ [索取号:Q958.527.14/323] | 在馆 | |
| 4 | 1330439 | 213304397 | 第三借阅区/ [索取号:Q958.527.14/323] | 在馆 |